UBT Library

BEGINNING INTERMEDIATE ALGEBRA (Record no. 59701)

000 -LEADER
fixed length control field 00343nam a22001457a 4500
008 - FIXED-LENGTH DATA ELEMENTS--GENERAL INFORMATION
fixed length control field 230512b ||||| |||| 00| 0 eng d
020 ## - INTERNATIONAL STANDARD BOOK NUMBER
International Standard Book Number 9781259306365
041 ## - LANGUAGE CODE
Language code of text/sound track or separate title eng
080 ## - UNIVERSAL DECIMAL CLASSIFICATION NUMBER
Edition identifier FOURTH EDITION
Universal Decimal Classification number 51
082 ## - DEWEY DECIMAL CLASSIFICATION NUMBER
Classification number 51MES
100 ## - Rafti
Rafti 22
101 ## - Shkurtesa
Shkurtesa MATE
245 ## - TITLE STATEMENT
Title BEGINNING INTERMEDIATE ALGEBRA
Statement of responsibility, etc MESSERSMITH .SH
942 ## - ADDED ENTRY ELEMENTS (KOHA)
Source of classification or shelving scheme
Item type Books
Holdings
Withdrawn status Lost status Source of classification or shelving scheme Damaged status Not for loan Collection code Permanent location Current location Date acquired Total Checkouts Full call number Barcode Date last seen Price effective from Koha item type
          Koleksioni i përgjithshem UBT - Lipjan UBT - Lipjan 05/12/2023   51MES 002-800080166 05/12/2023 05/12/2023 Books
UBT Library © 2015-2024. All rights reserved University Education for Business and Technology